000 01370nam a2200265Ia 4500
001 16274
003 GE_BSU
008 181216s||||||||xx |||||||||||||| ||und||
020 _aISBN 978-99940-985-4-5
040 _cGE_BSU
080 _a340.1+321.01
100 _aივანოვი, ა.ა.
245 _aსახელმწიფოსა და სამართლის თეორია=Теория государство и права
245 _bუმაღლ. სასწ. დაწეს. სტუდ
245 _cრედ.: ნოდარ ერიაშვილი (მთ. რედ.), სერგო ბარამიძე
260 _aთბილისი
260 _bსამართლიანი საქართველო
260 _c2009
300 _a190გვ, 21სმ.
300 _bბიბლიოგრ.: გვ. 181-183.
541 _h27ლ.
653 _a- სახელმწიფოს თეორია - სახელმძღვანელოები უმაღლესი სასწავლებლებისათვის; სამართლის თეორია - სახელმძღვანელოები უმაღლესი სასწავლებლებისათვის;
653 _aსამართალი
942 _cBK
999 _c49357
_d49357